000 00697nam a22002297a 4500
999 _c9158
_d9158
003 AR-CdUCM
008 190327b ||||| |||| 00| 0 spa d
040 _aMUNICIPALIDAD PROVINCIAL DEL CUSCO
_cBIBLIOTECA MUNICIPAL DEL CUSCO
082 _a869.19 /
_bR93
100 _aRuiz Rosas, José
_910187
245 _aVecino de la muerte /
260 _aArequipa :
_bPubli liber,
_c1985.
300 _a73 paginas ;
_c16 cm.
440 _aLibros de Macho Cabrio
_n4
_925199
500 _aDonación de la familia Nieto Dedicado a Luis Nieto
700 _aLiteratura
_925200
700 _aHistoria
_925201
700 _aPoesia
_98469
700 _aArequipa
_925202
942 _2ddc
_cLIBROS
945 _apjha